000 01704nam a2200193 i 4500
001 172000
003 ES-MaACL
005 20230929062538.0
008 090610s1872 sp |||| | spa d
080 _a821.134.2
080 _a811.134.2
110 2 _aReal Academia Española
_96336
245 1 0 _aDiscursos leídos ante la Real Academia Española,
_f1872 /
_cReal Academia Española.
260 _aMadrid :
_b[s.n.],
_c1872 (
_fImp. Rivadeneyra)
300 _a1 v. ;
_c25 cm.
505 8 _aContiene: De la elocuencia parlamentaria / Antonio Benavides (60 p.). Del drama lírico y de la lengua castellana como elemento musical / Antonio Arnao (41 p.). Contestación / Antonio María Segovia (p. 43-79). Teoría métrica de los romances castellanos / Luis Fernández-Guerra y Orbe (44 p.). Contestación / Aureliano Fernández-Guerra y Orbe (p.45-88). Del carácter de las pasiones en la tragedia y en el drama / Francisco de Paula Canalejas (47p.). Resumen de las tareas y actos de la Real Academia Española durante el año académico de 1875 a 1876 / Manuel Tamayo y Baus (32 p.). Elogio de D. Juan Nicasio Gallego / Antonio Arnao (31 p.). Causas de la decadencia de la literatura nacional bajo los últimos reinados de la Casa de Austria / Gaspar Nuñez de Arce (44 p.). Constestación / Juan Valera (p. 45-80). La moral en el arte / Pedro Antonio de Alarcón (44 p.). Contestación / Cándido Nocedal (p.45-74). La literatura aljamiada y la expulsión de los moriscos / Eduardo Saavedra (56 p.). Contestación / Antonio Cánovas del Castillo (p. 57-100). Apéndices al discurso de Eduardo Saavedra (p. 101-190).
852 _aES-MaACL
_jK-143
_z- Enc. pasta española
999 _c172000
_d172000